Initiation a la philosophie de S. Thomas d'Aquin
Kaydedildi:
| Yazar: | |
|---|---|
| Materyal Türü: | Kitap |
| Dil: | İspanyolca |
| Baskı/Yayın Bilgisi: |
París
Editions du Cerf
1958
|
| Edisyon: | 3a. ed |
| Konular: | |
| Etiketler: |
Etiketle
Etiket eklenmemiş, İlk siz ekleyin!
|
MARC
| LEADER | 00000nam a2200000 a 4500 | ||
|---|---|---|---|
| 001 | UCZ9441 | ||
| 003 | CL-VaPUC | ||
| 008 | 960308e19580000FR |||||||||||||||||spa|d | ||
| 082 | 0 | 4 | |a 110 |b GAR |2 21 |
| 100 | 0 | |a Gardeil, H. D |e author |9 354420 | |
| 245 | 1 | 0 | |a Initiation a la philosophie de S. Thomas d'Aquin |
| 250 | |a 3a. ed | ||
| 300 | |a 237 p | ||
| 942 | |c BK | ||
| 945 | |d 19960308 00:00:00 |a mcarcey | ||
| 260 | |a París |b Editions du Cerf |c 1958 | ||
| 500 | |a v.4: Metafísica | ||
| 600 | 0 | |a Tomás de Aquino |d 1220-1274 |c Santo |9 255832 | |
| 650 | 0 | |a Filosofía |9 223554 | |
| 650 | 0 | |a Metafísica |9 265649 | |
| 583 | |a last modification |c 19960308 00:00:00 |k Rodrigo Vera | ||
| 999 | |c 244750 |d 244748 | ||
| 952 | |0 0 |1 0 |4 0 |6 110_000000000000000_GAR_1958 |7 0 |8 P |9 258931 |a BIBEDU |b BIBEDU |c BIBEDU_PB |d 2019-11-19 |i 3174611 |o 110 GAR 1958 |p 3174611 |r 2024-01-25 |w 2019-11-19 |y BK |k FIL | ||